000 00284nam a22001337a 4500
008 170714b xxu||||| |||| 00| 0 eng d
020 _a9780079130839
041 _aeng
080 _a16
100 _a24
101 _aFIL
245 _aTHE LOGIC BOOK
_cBERGMANN, M
942 _2udc
_cBK
999 _c20758
_d20758